000 01376cam a2200373 a 4500
001 8396
003 FISKH
005 20260422083335.0
008 070828s2006 miua j 000 0 eng
010 _a 2007936273
020 _a9781933916163
_qhardcover
020 _a9780978507510
_qpbk.
040 _aDLC
_cDLC
_beng
042 _apcc
050 _aBF575.H27 M395
082 _a 170.83
100 1 _aMcCloud, Carol.
245 1 0 _aHave you filled a bucket today? :
_ba guide to daily happiness for kids /
_cby Carol McCloud ; illustrated by David Messing.
260 _aNorthville :
_bFerne Press,
_c2006
300 _a31 pages :
_bcolor illustrations ;
_c21 x 27 cm.
336 _atext
_btxt
_2rdacontent
337 _aunmediated
_bn
_2rdamedia
338 _avolume
_bnc
_2rdacarrier
505 _aR
520 _aThrough sweet, simple prose and vivid illustrations, this book encourages positive behavior as children see how very easy and rewarding it is to express kindness, appreciation, and love on a daily basis.
521 8 _a710
_bLexile
521 8 _aR
_bRaz-Plus
650 0 _aHappiness
_vJuvenile literature.
655 7 _aLiterature.
_2lcgft
_0https://id.loc.gov/authorities/genreForms/gf2014026415
700 1 _aMessing, David,
_eillustrator
906 _a7
_bcbc
_corignew
_d2
_eepcn
_f20
_gy-gencatlg
942 _2ddc
_cBK
_n0
999 _c8396
_d8396